[Event "POL-ch Blitz U18"]
[Site "Bydgoszcz"]
[Date "2023.08.31"]
[Round "3"]
[White "Seczek, Cezary"]
[Black "Rabiej, Mateusz"]
[Result "0-1"]
[WhiteElo "1080"]
[BlackElo "1276"]
[PlyCount "56"]
[EventDate "2023.08.28"]
[EventType "swiss"]
[EventRounds "10"]
[EventCountry "POL"]
[SourceTitle "CBM 216 Extra"]
[Source "ChessBase"]
[SourceDate "2023.11.30"]
[SourceVersion "1"]
[SourceVersionDate "2023.11.30"]
[SourceQuality "1"]

1. e4 c5 2. Nf3 e6 3. d4 cxd4 4. Nxd4 Nf6 5. Nc3 Nc6 6. Ndb5 Bb4 7. Nd6+ Ke7 8. Nc4 Nxe4 9. Qf3 d5 10. a3 Bxc3+ 11. bxc3 Re8 12. a4 Kf8 13. Ba3+ Kg8 14. Rd1 Qf6 15. Qxf6 Nxf6 16. Nd6 Rd8 17. Be2 Ne4 18. Nxe4 dxe4 19. Rxd8+ Nxd8 20. 0-0 Bd7 21. Bb5 Bxb5 22. axb5 a6 23. c4 axb5 24. Be7 Nc6 25. Bd6 bxc4 26. Re1 h6 27. Rxe4 Ra1+ 28. Re1 Rxe1# 0-1